Festival de Cannes 2022 - Statistiques

Statistiques générales
  • Ce quiz a été pris 37 fois
  • Le résultat moyen est 7 sur 21
Statistiques - réponses
Prix Film % Correct
Palme d'or Sans Filtre (Triangle of Sadness)
96%
Prix de la mise en scène Decision to leave
58%
Prix du Jury EO
54%
Grand Prix Close
50%
Grand Prix Stars at noon
42%
Prix du 75e Tori et Lokita
42%
Armageddon Time
38%
Leila et ses frères
38%
Pacifiction
38%
Prix du scénario La conspiration du Caire
29%
Prix du Jury Les Huits Montagnes
29%
Prix d'interprétation féminine Les Nuits de Mashhad
29%
Showing up
29%
La Femme de Tchaïkovski
25%
Les Amandiers
25%
Nostalgia
25%
R.M.N
25%
Prix d'interprétation masculine Les Bonnes Etoiles
21%
Frère et Soeur
17%
Les Crimes du Futur
17%
Un petit frère
17%
Aucun quiz correspondant
Distribution des résultats
% des personnes avec chaque résultat
Percentile par nombre de réponses
Votre historique - résultats
Vous n’avez pas pris ce quiz